Die erfolgreichsten Scorer der Iserlohn Roosters - Statistiken

Allgemein
  • Dieses Quiz wurde 2 mal gespielt
  • Das Durchschnittsergebnis liegt bei 16 aus 25
Antwortstatistiken
# Spieler Tore Vorlagen Scorerpunkte % Korrekt
5 Eric Cornel 61 108 169
100%
6 Jimmy Roy 70 75 145
100%
19 Marko Friedrich 40 61 101
100%
1 Michael Wolf 233 219 452
100%
3 Mike York 98 195 293
100%
18 Nick Petersen 43 59 102
100%
2 Robert Hock 110 289 399
100%
22 Tyler Boland 50 46 96
100%
12 Brent Raedeke 51 72 123
50%
8 Brooks Macek 60 69 129
50%
25 Bryan Adams 39 52 91
50%
10 Casey Bailey 57 70 127
50%
13 Colin Ugbekile 31 89 120
50%
17 Jason Jaspers 46 56 102
50%
14 Jeff Giuliano 44 73 117
50%
10 Louie Caporusso 57 70 127
50%
7 Mark Ardelan 34 107 141
50%
20 Matt Higgins 35 63 98
50%
21 Pat Kavanagh 42 55 97
50%
23 Paul Traynor 22 70 92
50%
9 Ryan O'Connor 28 101 129
50%
4 Ryan Ready 56 114 170
50%
24 Sven Ziegler 45 46 91
50%
16 Taro Jentzsch 37 76 113
50%
15 Bob Wren 35 81 116
0%
Keine übereinstimmenden Quizze gefunden
Verteilung der Resultate
Anzahl Personen mit jedem Resultat
Perzentil nach korrekt beantworteten Fragen
Ihre Resultats-Entwicklung
Sie haben dieses Quiz noch nicht gespielt